Sultan Mehmood Ghazanvi [Urdu] (Record no. 325538)

000 -LEADER
fixed length control field 00363 a2200133 4500
001 - CONTROL NUMBER
control field 90465
082 ## - DEWEY DECIMAL CLASSIFICATION NUMBER
Classification number 954.0223 KAM
090 ## - LOCALLY ASSIGNED LC-TYPE CALL NUMBER (OCLC); LOCAL CALL NUMBER (RLIN)
-- 42798
-- 42798
100 ## - MAIN ENTRY--PERSONAL NAME
Personal name Kamran Azam Sohrravi
245 ## - TITLE STATEMENT
Title Sultan Mehmood Ghazanvi [Urdu]
Remainder of title Tareekh Kay Aaenay Main
Medium Urdu
260 ## - PUBLICATION, DISTRIBUTION, ETC.
Place of publication, distribution, etc. Lahore
Name of publisher, distributor, etc. Mushtaq Book Corner
Date of publication, distribution, etc. 2010
300 ## - PHYSICAL DESCRIPTION
Extent 384p.
500 ## - GENERAL NOTE
General note General Collection
942 ## - ADDED ENTRY ELEMENTS (KOHA)
Institution code [OBSOLETE] CAE NUST
Call number prefix 954.0223 KAM
Holdings
Withdrawn status Lost status Damaged status Not for loan Collection code Permanent Location Current Location Date acquired Total Checkouts Full call number Barcode Date last seen Price effective from Koha item type
          College of Aeronautical Engineering (CAE) College of Aeronautical Engineering (CAE) 04/03/2017   954.0223 KAM CAE87874 04/05/2017 04/05/2017 Book
© 2023 Central Library, National University of Sciences and Technology. All Rights Reserved.